000 00355 a2200169 4500
001 173638
020 _a85-215-0311-3
040 _cMagnum
100 _aYolanda, Regina
240 1 0 _aO siri patola
_lpor
245 1 0 _aO siri patola
300 _a24
362 0 _a1986
440 1 _aAo Livro Técnico
697 _aLITERATURA INFANTIL
942 _cBK
999 _c173638
_d173638